សន្ទនាការធ្វើដំណើរនិងអ្នកទេសចរ / (Record no. 6823)
[ view plain ]
| 000 -LEADER | |
|---|---|
| fixed length control field | 01861nam a22002177a 4500 |
| 001 - CONTROL NUMBER | |
| control field | 6823 |
| 003 - CONTROL NUMBER IDENTIFIER | |
| control field | FISKH |
| 005 - DATE AND TIME OF LATEST TRANSACTION | |
| control field | 20250529144916.0 |
| 008 - FIXED-LENGTH DATA ELEMENTS--GENERAL INFORMATION | |
| fixed length control field | 250529b cb ||||| |||| 00| 0 eng d |
| 020 ## - INTERNATIONAL STANDARD BOOK NUMBER | |
| International Standard Book Number | 9789995099480 |
| 040 ## - CATALOGING SOURCE | |
| Original cataloging agency | FISKH |
| Language of cataloging | khr |
| Transcribing agency | FISKH |
| Modifying agency | FISKH |
| 082 ## - DEWEY DECIMAL CLASSIFICATION NUMBER | |
| Classification number | 790 |
| 100 ## - MAIN ENTRY--PERSONAL NAME | |
| Personal name | Virak, Thorng |
| 245 ## - TITLE STATEMENT | |
| Title | សន្ទនាការធ្វើដំណើរនិងអ្នកទេសចរ / |
| Statement of responsibility, etc. | រៀបរៀងដោយលោក ថង វិរ: និងលោក ស៊ូ ភីរ: |
| 260 ## - PUBLICATION, DISTRIBUTION, ETC. | |
| Place of publication, distribution, etc. | ភ្នំពេញ : |
| Name of publisher, distributor, etc. | បណ្ណាគារ នគរធំ , |
| Date of publication, distribution, etc. | 2014. |
| 300 ## - PHYSICAL DESCRIPTION | |
| Extent | 289 pages : |
| Other physical details | illustrations ; |
| Dimensions | 16 cm . |
| 520 ## - SUMMARY, ETC. | |
| Summary, etc. | សៀវភៅនេះត្រូវបានរៀបចំតាក់តែងឡើង ក្នុងគោលបំនងបំពេញដល់សេចក្តីត្រូវការរបស់លោកអ្នក ដែលមានបញ្ហាក្នុងការប្រើប្រាស់ភាសាអង់គ្លេស ដើម្បីធ្វើការទំនាក់ទំនង ក្នុងសកម្មភាពរស់នៅប្រចាំថ្ងៃ ក្នុងការធ្វើជំនួញនិងប្រកបអាជីវកម្មផ្សេងៗ ក៏ដូចជាការធ្វើដំណើរទៅកាន់កន្លែងកំសាន្តនានាឯបរទេសជាដើម ។ |
| 520 ## - SUMMARY, ETC. | |
| Summary, etc. | "This book has been written and compiled with the intention of fulfilling the needs of readers who face difficulties in using the English language to communicate in daily life activities, in conducting business and other professional transactions, as well as when traveling to various tourist destinations abroad."<br/><br/> |
| 942 ## - ADDED ENTRY ELEMENTS (KOHA) | |
| Source of classification or shelving scheme | Dewey Decimal Classification |
| Koha item type | Books |
| Suppress in OPAC | No |
| Withdrawn status | Lost status | Source of classification or shelving scheme | Damaged status | Not for loan | Collection | Home library | Current library | Shelving location | Date acquired | Total Checkouts | Full call number | Barcode | Date last seen | Price effective from | Koha item type |
|---|---|---|---|---|---|---|---|---|---|---|---|---|---|---|---|
| Dewey Decimal Classification | Khmer-English Bilingual / ភាសាខ្មែរ-អង់គ្លេស | Footprints International School Library Network Toul Tom Poung Campus | Footprints International School Library Network Toul Tom Poung Campus | Librarian's Shelf TTP | 05/29/2025 | VIR 790 | 2025-1441 | 05/29/2025 | 05/29/2025 | Books |
